000 00334nam a2200157Ia 4500
100 _aKhurmi/R.S
250 _a10
942 _cBK
654 _aphysics
245 _aA text book of Hydraulic Machine
260 _bS. Chand & co.
_aNew Delhi
_c1981
082 _a621.26
_bKHU
300 _a630
546 _aENGLISH
999 _c20521
_d20521